How to display it : a practical guide to professional merchandise display /

Bibliographic Details
Main Author: Ralston, Trudy
Other Authors: Foster, Eric, Foster, Jacqueline
Format: Book
Language:English
Published: New York : Art Direction Book Co., 1985
Subjects:

MARC

Tag First Indicator Second Indicator Subfields
LEADER 00000cam a2200000 a 4500
001 in00000402113
005 20151012052244.0
008 860214c19851984nyua 00010 eng d
010 |a  84072470  
020 |a 0881080179 
020 |a 0881080233 (pbk.) 
035 |a (OCoLC)13154143 
035 |9 ABT9713AM 
040 |a MAr  |c MAR  |d OCL  |d TXA  |d UtOrBLW 
049 |a TXAM  |c [A09290992] 
090 |a HF5845  |b .R35 1985 
100 1 |a Ralston, Trudy. 
245 1 0 |a How to display it :  |b a practical guide to professional merchandise display /  |c by Trudy Ralston, Eric Foster ; illustrated by Jacqueline Foster. 
264 1 |a New York :  |b Art Direction Book Co.,  |c 1985 
264 4 |c ©1984 
300 |a 125 pages :  |b illustrations ;  |c 26 cm. 
336 |a text  |b txt  |2 rdacontent 
337 |a unmediated  |b n  |2 rdamedia 
338 |a volume  |b nc  |2 rdacarrier 
650 0 |a Display of merchandise. 
650 0 |a Show windows. 
700 1 |a Foster, Eric. 
700 1 |a Foster, Jacqueline. 
999 |a MARS 
999 f f |s 9b1780bc-411d-3168-a984-86294c8ab9f5  |i 74fea32c-58f9-324e-9a91-0846cbd301e6  |t 0 
952 f f |p ric  |a Texas A&M University  |b Rellis Campus  |c Joint Library Facility  |d Remote Storage  |t 0  |e HF5845 .R35 1985  |h Library of Congress classification  |i unmediated -- volume  |m A14809290992 
998 f f |a HF5845 .R35 1985  |t 0  |l Remote Storage